| 000 -LEADER |
| fixed length control field |
00841nam a2200253 a 4500 |
| 001 - CONTROL NUMBER |
| control field |
19053 |
| 003 - CONTROL NUMBER IDENTIFIER |
| control field |
BD-DhUAP |
| 005 - DATE AND TIME OF LATEST TRANSACTION |
| control field |
20200224103652.0 |
| 008 - FIXED-LENGTH DATA ELEMENTS--GENERAL INFORMATION |
| fixed length control field |
200224s2009 enkabe b 001 0 eng d |
| 020 ## - INTERNATIONAL STANDARD BOOK NUMBER |
| International Standard Book Number |
9780500514993 (hbk.) |
| 020 ## - INTERNATIONAL STANDARD BOOK NUMBER |
| International Standard Book Number |
0500514992 (hbk.) |
| 040 ## - CATALOGING SOURCE |
| Original cataloging agency |
UKM |
| Transcribing agency |
UKM |
| Modifying agency |
BWKUK |
| -- |
BD-DhUAP |
| Language of cataloging |
Eng |
| 082 04 - DEWEY DECIMAL CLASSIFICATION NUMBER |
| Edition number |
23 |
| Classification number |
712.0922 HAR |
| 245 00 - TITLE STATEMENT |
| Title |
Hargreaves : |
| Remainder of title |
the alchemy of landscape architecture / |
| Statement of responsibility, etc. |
George Hargreaves ... [et al.]. |
| 260 ## - PUBLICATION, DISTRIBUTION, ETC. |
| Place of publication, distribution, etc. |
London : |
| Name of publisher, distributor, etc. |
Thames & Hudson, |
| Date of publication, distribution, etc. |
c2009. |
| 300 ## - PHYSICAL DESCRIPTION |
| Extent |
293 pages : |
| Other physical details |
illustrations ; |
| Dimensions |
24 x 32 cm. |
| 504 ## - BIBLIOGRAPHY, ETC. NOTE |
| Bibliography, etc. note |
Includes bibliographies and index. |
| 526 ## - STUDY PROGRAM INFORMATION NOTE |
| Program name |
ARC |
| 650 #0 - SUBJECT ADDED ENTRY--TOPICAL TERM |
| Topical term or geographic name entry element |
Landscape architecture |
| Geographic subdivision |
Great Britain. |
| 9 (RLIN) |
32145 |
| 650 #0 - SUBJECT ADDED ENTRY--TOPICAL TERM |
| Topical term or geographic name entry element |
Landscape architectural firms |
| Geographic subdivision |
Great Britain. |
| 9 (RLIN) |
32146 |
| 942 ## - ADDED ENTRY ELEMENTS (KOHA) |
| Source of classification or shelving scheme |
|
| Koha item type |
Book |